000 00677nam a2200217Ia 4500
001 12671
003 GE_BSU
008 181216s||||||||xx |||||||||||||| ||und||
040 _cGE_BSU
080 _a631.6
100 _aКасмасов,Р.А.
245 _aЭффективность комплексной мелиорации земель
245 _cПод.ред.Л.М.Зальцмана. Ред.М.Л.Братская
260 _aМосква
260 _bКолос
260 _c1976
300 _a208стр.илл.
300 _eТаблицы
653 _aЭффективность комплексной мелиорации земель
942 _cBK
999 _c45842
_d45842